000 01020nam a22002417a 4500
001 7489
003 FISKH
005 20250728113914.0
008 250722b cb ||||| |||| 00| 0 eng d
020 _a9781108760065
040 _aFISKH
_beng
_cFISKH
_dFISKH
050 _aPZ7
082 _a420
100 _aRidgard, Debbie
245 _aCambridge primary English :
_bLearner's book 5 /
_cSally Burt & Debbie Ridgar
260 _aUnited Kingdom :
_bCambridge University Press,
_c2021.
300 _a283 pages :
_bcolor illustrations ;
_c28 cm
520 _aYour learners will develop their English skills as they explore science fiction stories, analyse news headlines and write their own original play script. You will find a wide range of international fiction, non-fiction, poetry and drama throughout the book to help your learners develop their understanding of different genres and text types.
650 _aEnglish
_vExplore
700 _aRidgard, Debbie
_eAuthor
942 _2ddc
_cBK
_n0
999 _c7489
_d7489